000 00452pam a2200157 a 4500
020 _a9780824747749
_c
041 _aeng
082 _a547
_bBUL
100 _aBultinck, Patrick.
245 _aComputational Medicinal Chemistry for Drug Discovery
_hTextual Documents
260 _aNew York
_bCRC Press
_c2009
300 _a794.
653 _aOrganic Chemistry
700 _aWinter, Hans. De.
_aLangenaeker, Wilfried.
_aTollenaere, Jan. P.
930 _a1274
999 _c74571
_d74571